000 00412nam a2200157Ia 4500
003 GCL
008 140319s9999 xx 000 0 eng d
040 _aGCL /
_cGCL
082 0 4 _a612.488
_bV R
100 1 _aVANDER, ARTHUR J.
245 1 0 _aRENAL PHYSIOLOGY: 5TH ED /
_cVANDER, ARTHUR J.
260 _a[S.N] :
_bMC GRAW - HILL ،
_c1995
300 _a238 P
650 0 4 _aKIDNEYS - PHYSIOLOGY
942 _2ddc
_cBK
999 _c21146
_d21146